<?xml version="1.0" encoding="UTF-8"?>
<record
    xmlns:xsi="http://www.w3.org/2001/XMLSchema-instance"
    xsi:schemaLocation="http://www.loc.gov/MARC21/slim http://www.loc.gov/standards/marcxml/schema/MARC21slim.xsd"
    xmlns="http://www.loc.gov/MARC21/slim">

  <leader>00859nam a2200241 a 4500</leader>
  <controlfield tag="001">BRL_1145</controlfield>
  <controlfield tag="005">20190320211045.0</controlfield>
  <controlfield tag="008">151113s1962----mx-######b---#100-0#spa-#</controlfield>
  <datafield tag="041" ind1=" " ind2=" ">
    <subfield code="a">spa</subfield>
  </datafield>
  <datafield tag="044" ind1=" " ind2=" ">
    <subfield code="a">mx</subfield>
  </datafield>
  <datafield tag="050" ind1=" " ind2="4">
    <subfield code="a">Z5114</subfield>
    <subfield code="b">.C66 1962</subfield>
  </datafield>
  <datafield tag="111" ind1="2" ind2=" ">
    <subfield code="a">Congreso Internacional de Americanistas</subfield>
    <subfield code="n">(35</subfield>
    <subfield code="d">1962</subfield>
    <subfield code="c">Mexico)</subfield>
    <subfield code="9">23168</subfield>
  </datafield>
  <datafield tag="245" ind1="1" ind2="0">
    <subfield code="a">Bibliograf&#xED;a antropol&#xF3;gica</subfield>
    <subfield code="b">trabajos publicados en M&#xE9;xico, 1955-1962</subfield>
    <subfield code="c">Recopilaci&#xF3;n de Noemi Castillo Tejero y Lorena E. Mirambell Silva ; Editada bajo la direcci&#xF3;n de Lauro Jos&#xE9; Zavala.</subfield>
  </datafield>
  <datafield tag="260" ind1=" " ind2=" ">
    <subfield code="a">M&#xE9;xico</subfield>
    <subfield code="b">[Editorial Libros de M&#xE9;xico]</subfield>
    <subfield code="c">1962</subfield>
  </datafield>
  <datafield tag="300" ind1=" " ind2=" ">
    <subfield code="a">172 p.</subfield>
    <subfield code="c">24 cm.</subfield>
  </datafield>
  <datafield tag="500" ind1=" " ind2=" ">
    <subfield code="a">Au1317</subfield>
  </datafield>
  <datafield tag="650" ind1="1" ind2="4">
    <subfield code="a">Antropolog&#xED;a</subfield>
    <subfield code="v">Bibliograf&#xED;as</subfield>
    <subfield code="9">25928</subfield>
  </datafield>
  <datafield tag="700" ind1="1" ind2=" ">
    <subfield code="a">Castillo Tejero, Noemi</subfield>
    <subfield code="9">23251</subfield>
  </datafield>
  <datafield tag="700" ind1="1" ind2=" ">
    <subfield code="a">Mirambell, Lorena</subfield>
    <subfield code="9">25929</subfield>
  </datafield>
  <datafield tag="700" ind1="1" ind2=" ">
    <subfield code="a">Zavala,Jos&#xE9; Lauro</subfield>
    <subfield code="9">25930</subfield>
  </datafield>
  <datafield tag="902" ind1=" " ind2=" ">
    <subfield code="a">GRL</subfield>
  </datafield>
  <datafield tag="942" ind1=" " ind2=" ">
    <subfield code="2">lcc</subfield>
    <subfield code="c">B</subfield>
  </datafield>
  <datafield tag="999" ind1=" " ind2=" ">
    <subfield code="c">9957</subfield>
    <subfield code="d">9957</subfield>
  </datafield>
  <datafield tag="952" ind1=" " ind2=" ">
    <subfield code="0">0</subfield>
    <subfield code="1">0</subfield>
    <subfield code="4">0</subfield>
    <subfield code="7">0</subfield>
    <subfield code="a">BRL</subfield>
    <subfield code="b">BRL</subfield>
    <subfield code="d">2013-11-15</subfield>
    <subfield code="i">Au1317</subfield>
    <subfield code="l">0</subfield>
    <subfield code="o">Z5114 .C66 1962 (Au1317)</subfield>
    <subfield code="p">GRL01260</subfield>
    <subfield code="r">2019-03-22 00:00:00</subfield>
    <subfield code="w">2019-03-22</subfield>
    <subfield code="y">B</subfield>
  </datafield>
</record>
